000 00573nam a2200205 4500
001 137810
003 ES-MaACL
005 20231220144855.0
007 t|
008 070214s1957 sp r ||||1| spa d
100 1 _aSalisachs, Mercedes,
_d1916-2014
_9101965
245 1 4 _aUna mujer llega al pueblo
_b: novela /
_cMercedes Salisachs.
250 _a1ยช ed.
260 _aBarcelona :
_bPlaneta,
_c1957.
300 _a517 p. ;
_c21 cm.
490 1 _aOmnibus
830 0 _aOmnibus
_9177342
852 _aES-MaACL
_jC-14623
_bR.40916
999 _c137810
_d137810